• 首页
  • 本馆介绍
  • 公告通知
  • 最新文献
  • 馆藏检索
  • 电子资源
  • 读者导购
  • 参考咨询
  • 我的图书馆
  • 登录
  • 详细信息显示
  • 放入我的书架
  • 预约/预借图书
  • 作者相关作品
  • 分类相关作品
  • 丛书相关作品
  • 出版社相关作品

书目信息

  • 表格格式
  • 工作单格式
  • 卡片格式
题名:
电磁场与电磁波学习指导
    
 
作者: 高军 编著
分册:  
出版信息: 西安   西安电子科技大学出版社  2018
页数: 226页
开本: 26cm
丛书名: 高等学校信息工程类专业“十三五”规划教材
单 册:
中图分类: O441.4 , O441-43
科图分类:
主题词: 电磁场--dian ci chang--高等学校--教学参考资料 , 电磁波--dian ci bo--高等学校--教学参考资料
电子资源:
ISBN: 978-7-5606-4795-1
000 01285nam 2200301 450
001 012001001650
005 20140108155304.0
010    @a978-7-5606-4795-1@dCNY35.00
099    @aCAL 012018109866
100    @a20180705d2018 em y0chiy50 ea
101 0  @achi
102    @aCN@b610000
105    @aak a 000yy
106    @ar
200 1  @a电磁场与电磁波学习指导@Adian ci chang yu dian ci bo xue xi zhi dao@f高军 ... [等] 编著
210    @a西安@c西安电子科技大学出版社@d2018
215    @a226页@c图@d26cm
225 2  @a高等学校信息工程类专业“十三五”规划教材@Agao deng xue xiao xin xi gong cheng lei zhuan ye “ shi san wu ” gui hua jiao cai
320    @a有书目 (第226页)
330    @a本书对教材各章节主要内容和重点问题进行了总结与归纳, 对易混淆的概念进行了梳理, 结合典型例题归纳各类题型的解题思路和方法, 并给出教材中各章习题的解答。本书有助于读者加深对基本概念、基本公式、定理的理解、运用和掌握, 同时有助于读者掌握一定的解题技巧。
410  0 @12001 @a高等学校信息工程类专业“十三五”规划教材
606 0  @a电磁场@Adian ci chang@x高等学校@j教学参考资料
606 0  @a电磁波@Adian ci bo@x高等学校@j教学参考资料
690    @aO441.4@v5
690    @aO441-43@v5
701  0 @a高军@Agao jun@4编著
801  0 @aCN@b北京卓展@c20191020
905    @b1202329-32@dO441.4@e186@f4
    
    电磁场与电磁波学习指导/高军 ... [等] 编著.-西安:西安电子科技大学出版社,2018
    226页:图;26cm.-(高等学校信息工程类专业“十三五”规划教材)
    
    
    ISBN 978-7-5606-4795-1:CNY35.00
    本书对教材各章节主要内容和重点问题进行了总结与归纳, 对易混淆的概念进行了梳理, 结合典型例题归纳各类题型的解题思路和方法, 并给出教材中各章习题的解答。本书有助于读者加深对基本概念、基本公式、定理的理解、运用和掌握, 同时有助于读者掌握一定的解题技巧。
●
相关链接 在E读中查询图书 在五车中查询图书 在当当中查询图书 在豆瓣中查询图书


正题名:电磁场与电磁波学习指导     索取号:O441.4/186         预约/预借

序号 登录号 条形码 馆藏地/架位号 状态 备注
1 1202329   212023291   第二样本阅览室/ [索取号:O441.4/186] 在馆    
2 1202330   212023308   第三借阅区/ [索取号:O441.4/186] 在馆    
3 1202331   212023317   第三借阅区/ [索取号:O441.4/186] 在馆    
4 1202332   212023326   第三借阅区/ [索取号:O441.4/186] 在馆    
唐山师范学院图书馆 欢迎您!
大连网信软件有限公司© 版权所有